Stacje i przystanki kolejowe składające się z trzech wyrazów - Statystyki

Ogólne statystyki
  • Ten quiz został rozwiązany 35 razy
  • Średni wynik to 19 z 129
Statystyki odpowiedzi
Woj. litera ? Odpowiedź % Poprawnych
PD B Biały... Białystok Zielone Wzgórza
58%
SL D DG Dąbrowa Górnicza Ząbkowice
55%
DS S SzP Szklarska Poręba Górna
45%
SL D DG Dąbrowa Górnicza Pogoria
42%
DS S SzP Szklarska Poręba Dolna
42%
DS S SzP Szklarska Poręba Średnia
42%
MZ W WAW Warszawa Aleje Jerozolimskie
42%
MZ W WAW Warszawa Lotnisko Chopina
42%
LD Ł ŁÓ Łódź Radogoszcz Zachód
39%
MZ W WAW Warszawa Ursus Niedźwiadek
39%
MZ W WAW Warszawa Ursus Północny
39%
LB G GW Gorzów Wielkopolski Wschodni
36%
LD Ł ŁÓ Łódź Radogoszcz Wschód
36%
MZ N Nowy Dwór Mazowiecki
36%
MZ W WAW Warszawa Olszynka Grochowska
36%
MP K Kalwaria Zebrzydowska Lanckorona
33%
MZ W WAW Warszawa Mokry Ług
33%
MZ W WAW Warszawa Zacisze Wilno
33%
LB Z Zielona Góra Główna
33%
SL D DG Dąbrowa Górnicza Gołonóg
30%
SL D DG Dąbrowa Górnicza Sikorka
30%
DS J JG Jelenia Góra Cieplice
30%
DS J JG Jelenia Góra Zachodnia
30%
SL K Katowice Szopienice Południowe
30%
ZP S Szczecin Port Centralny
30%
MZ W WAW Warszawa Wola Grzybowska
30%
DS J JG Jelenia Góra Zabobrze
27%
LD Ł ŁÓ Łódź Olechów Zachód
27%
MP S Sucha Beskidzka Zamek
27%
DS W WR Wrocław Psie Pole
27%
SL D DG Dąbrowa Górnicza Południowa
24%
MP K KR Kraków Mydlniki Wapiennik
24%
MP K KR Kraków Nowa Huta
24%
LD Ł ŁÓ Łódź Olechów Wiadukt
24%
LD Ł ŁÓ Łódź Olechów Wschód
24%
DS S SzP Szklarska Poręba Huta
24%
SL D DG Dąbrowa Górnicza Strzemieszyce
21%
SL D DG Dąbrowa Górnicza Wschodnia
21%
DS J JG Jelenia Góra Sobieszów
21%
LD Ł ŁÓ Łódź Andrzejów Szosa
21%
KP N NWieś Nowa Wieś Wielka
21%
PK R ...nad... Rudnik nad Sanem
21%
PO G Gdańsk Port Lotniczy
18%
SL S Sosnowiec Jęzor Południowy
18%
PK S SW Stalowa Wola Rozwadów
18%
DS W WR Wrocław Nowy Dwór
18%
MP K KR Kraków Bieżanów Drożdżownia
15%
KP N ...nad... Nakło nad Notecią
15%
PO S Sopot Kamienny Potok
15%
PK S SW Stalowa Wola Centrum
15%
LB G GW Gorzów Wielkopolski Wieprzyce
12%
LB G GW Gorzów Wielkopolski Zamoście
12%
MZ G ...nad... Grabów nad Pilicą
12%
WP L ...koło... Luboń koło Poznania
12%
PK S ...nad... Strzyżów nad Wisłokiem
12%
MZ W WAW Warszawa Wileńska Marki
12%
SL W Wodzisław Śląski Radlin
12%
DS W WR Wrocław Wojnów Wschodni
12%
MP Z Zator Park Rozrywki
12%
LD Z Zduńska Wola Karsznice
12%
PD B Biały... Białystok Nowe Miasto
9%
LB G GW Gorzów Wielkopolski Zieleniec
9%
DS J JG Jelenia Góra Orle
9%
DS J JG Jelenia Góra Przemysłowa
9%
LD Ł Łaziska Górne Brada
9%
SL M Miasteczko Śląskie Centrum
9%
SL M Myszków Nowa Wieś
9%
WM O Olsztyn Jezioro Ukiel
9%
WP O ...koło... Ostrówki koło Chodzieży
9%
PK S Sędziszów Małopolski Wschodni
9%
SL W Wodzisław Śląski Centrum
9%
KP B Bydgoszcz Osowa Góra
6%
LU B ...koło... Bystrzyca koło Lublina
6%
PD E Ełk Szyba Wschód
6%
PD E Ełk Szyba Zachód
6%
PK G Głogów Małopolski Niwa
6%
PK G Głogów Małopolski Południowy
6%
MZ M Mińsk Mazowiecki Anielina
6%
WM O ...koło... Ostrowite koło Jabłonowa
6%
PK S SW Stalowa Wola Południe
6%
MZ Z ...koło... Zajezierze koło Dęblina
6%
LB Z Zielona Góra Przylep
6%
ZP B Biały Zdrój Południowy
3%
DS B Bystrzyca Kłodzka Przedmieście
3%
PK D ...koło... Dąbie koło Dębicy
3%
ZP G Goleniów Park Przemysłowy
3%
LB G GW Gorzów Wielkopolski Karnin
3%
PO Ł Lębork Nowy Świat
3%
DS N Nowa Ruda Przedmieście
3%
WM N Nowa Wieś Cierpkie
3%
WM N NWieś Nowa Wieś Ełcka
3%
MZ N NWieś Nowa Wieś Kościelna
3%
PO N NWieś Nowa Wieś Lęborska
3%
MZ N Nowe Dębe Wielkie
3%
MP N NS Nowy Sącz Gorzków
3%
MP N NS Nowy Sącz Jamnica
3%
WP O Oborniki Wielkopolskie Miasto
3%
WP O Ostrów Wielkopolski Gorzyce
3%
LD O Ozorków Nowe Miasto
3%
MZ R Radom Stara Wola
3%
PK R ...koło... Rogoźnica koło Rzeszowa
3%
PK R ...koło... Rogóżno koło Łańcuta
3%
SL R ...koło... Rudniki koło Częstochowy
3%
MP S ...koło... Siedliska koło Tuchowa
3%
SL S Sól Kiczora Szpaki
3%
KP T Tuchola Rudzki Most
3%
MP W Wadowice Osiedle Podhalanin
3%
PO Ż Żabno koło Chojnic
3%
SL Z Zawiercie Borowe Pole
3%
LD Z Zduńska Wola Południowa
3%
OP B ...koło... Biskupice koło Kluczborka
0%
MP D Dąbrówka Jezioro Mucharskie
0%
LD D ...koło... Dobryszyce koło Radomska
0%
OP J ...koło... Jaworzno koło Wielunia
0%
LD J ...koło... Jedlicze koło Zgierza
0%
PK M Majdan Królewski Podlasek
0%
DS N Nowa Ruda Zdrojowisko
0%
PK N Nowa Sarzyna Kolonia
0%
MP N NS Nowy Sącz Biegonice
0%
MP N NS Nowy Sącz Dąbrówka
0%
PK O ...koło... Ostrów koło Radymna
0%
SL P Pawłowice Śląskie Centrum
0%
SL P Pewel Wielka Centrum
0%
PD P ...koło... Płociczno koło Suwałk
0%
OP S Suchy Bór Opolski
0%
LD T Tomaszów Mazowiecki Białobrzegi
0%
SL T Tychy Aleja Bielska
0%
SL T Tychy Grota Roweckiego
0%
MP W Wola Radziszowska Lipki
0%
Nie znaleziono quizów pasujących do podanych kryteriów
Rozkład punktacji
Procent ludzi z każdym wynikiem
Percentyl według liczby udzielonych odpowiedzi
Twoja historia wyników
Nie rozwiązałeś tego quizu